000 00339nam a2200145Ia 4500
008 220204s9999 xx 000 0 und d
082 _a574
_bVIN.2
100 _aREES, N
245 0 _aPlant and animal biology. V 2
260 _aLondon
_bPitman
_c1972
650 _aBiology
650 _aEvolution
700 _aVINES, A E
942 _cBK
999 _c27201
_d27201